| 000 | 00675nam a2200241Ia 4500 | ||
|---|---|---|---|
| 001 | 2022 | ||
| 003 | GE_BSU | ||
| 008 | 181216s||||||||xx |||||||||||||| ||und|| | ||
| 020 | _a536500159 | ||
| 040 | _cGE_BSU | ||
| 080 | _a351/354(470)(075.8) | ||
| 100 | _aАтаманчук,Г.В. | ||
| 245 | _aТеория государственного управления | ||
| 245 | _bКурс лекции | ||
| 250 | _a4-е изд. стереот. | ||
| 260 | _aМосква | ||
| 260 | _bОмега-Л | ||
| 260 | _c2006 | ||
| 300 | _a584стр.21см. | ||
| 541 | _h20л. | ||
| 653 | _aТеория государственного управления | ||
| 942 | _cBK | ||
| 999 |
_c36122 _d36122 |
||